South American Capitals by Satellite Image - Statistics

General Stats
  • This quiz has been taken 26 times
  • The average score is 10 of 12
Answer Stats
Picture Answer % Correct
Brasilia
94%
Buenos Aires
94%
Bogota
89%
Georgetown
89%
La Paz
89%
Lima
89%
Montevideo
89%
Quito
89%
Caracas
83%
Paramaribo
83%
Santiago
83%
Sucre
67%
No matching quizzes found
Score Distribution
Percent of People with Each Score
Percentile by Number Answered
Your Score History
You have not taken this quiz